000
00311nam a22001457a 4500
003
SGT
082
_a
611
_b
C15S
100
_a
SNELL, RICHARD S
245
_a
CLINICAL ANATOMY BY REGIONS
250
_a
9TH
260
_a
INDIA
_b
WOLTERS KLUWER
_c
2015
300
_a
754
650
_a
HOMOEOPATHIC
942
_2
ddc
_c
BK
999
_c
18596
_d
18596